| 000 | 00842nam a2200241Ia 4500 | ||
|---|---|---|---|
| 003 | GCL | ||
| 005 | 20240530102352.0 | ||
| 008 | 140319s9999 xx 000 0 ara d | ||
| 040 |
_aGCL / _cGCL |
||
| 082 | 0 | 4 |
_a415.1 _bع ف |
| 100 | 0 | _aعبدالفتاح اسماعيل شلبى | |
| 245 | 1 | 0 |
_aفى الدراسات القرانية واللغوية : الامالة فى القراءات واللهجات العربية / _cعبدالفتاح اسماعيل شلبى |
| 260 |
_a[ القاهرة ] : _bدار نهضة مصر للطبع والنشر، _c1953 |
||
| 300 | _a330 ص | ||
| 650 | 0 | 4 | _aالاسلام |
| 650 | 0 | 4 | _aاللغة العربية |
| 650 | 0 | 4 | _aالبلاغة |
| 650 | 0 | 4 | _aالفاظ |
| 650 | 0 | 4 | _aاللهجات |
| 650 | 0 | 4 | _aالقراءات والتجويد |
| 650 | 0 | 4 | _aالقران |
| 942 |
_2ddc _cBK |
||
| 999 |
_c31756 _d31756 |
||